000 00501nam a2200181Ia 4500
003 GCL
008 140319s9999 xx 000 0 eng d
040 _aGCL /
_cGCL
082 0 4 _a523
_bI T
100 1 _aMAYER ,BEN
245 1 0 _aTHE CAMBRIDGE ASTRONOMY GUIDE: A PRACTICAL INTRODUCTION TO ASTRONOMY /
_cMAYER ,BEN
700 1 _aLILLER ,BILL
260 _a[S.N] :
_bCAMBRIBGE UNIVERSITY PRESS ،
_c1985
300 _a176 P
650 0 4 _aASTRONOMY
650 0 4 _aAMATEURS MANUALS
942 _2ddc
_cBK
999 _c18231
_d18231